Why should I save energy ? / (Record no. 105736)
[ view plain ]
| 000 -LEADER | |
|---|---|
| fixed length control field | 00480nam a2200169 a 4500 |
| 005 - DATE AND TIME OF LATEST TRANSACTION | |
| control field | 20140412111413.0 |
| 008 - FIXED-LENGTH DATA ELEMENTS--GENERAL INFORMATION | |
| fixed length control field | 070219s19uu xx 00 eng d |
| 020 ## - INTERNATIONAL STANDARD BOOK NUMBER | |
| International Standard Book Number | 0-7614-3156-7 |
| 050 ## - LIBRARY OF CONGRESS CALL NUMBER | |
| Classification number | M 333.791 |
| Item number | G82 2001 |
| 100 ## - MAIN ENTRY--PERSONAL NAME | |
| Personal name | Green, Jen |
| 245 ## - TITLE STATEMENT | |
| Title | Why should I save energy ? / |
| Statement of responsibility, etc | Jen Green. |
| 260 ## - PUBLICATION, DISTRIBUTION, ETC. (IMPRINT) | |
| Place of publication, distribution, etc | New york : |
| Name of publisher, distributor, etc | Barron's educational series, |
| Date of publication, distribution, etc | 2001. |
| 300 ## - PHYSICAL DESCRIPTION | |
| Extent | 32 |
| 440 ## - SERIES STATEMENT/ADDED ENTRY--TITLE | |
| Title | Why should I |
| 650 ## - SUBJECT ADDED ENTRY--TOPICAL TERM | |
| Topical term or geographic name as entry element | Energy conservation-Juvenile literature |
| Withdrawn status | Lost status | Damaged status | Use restrictions | Home library | Current library | Shelving location | Date acquired | Source of acquisition | Total Checkouts | Full call number | Barcode | Date last seen | Price effective from | Koha item type |
|---|---|---|---|---|---|---|---|---|---|---|---|---|---|---|
| Elizalde Library | Elizalde Library | Main Section | 02/19/2007 | M 333.791 G82 2001 | E10579 | 04/12/2014 | 04/12/2014 | Books |